Quizzes
Events
Quiz Creation
Community
Videos
Private Events
Remove Ads
Sign In
Join for FREE
Feedback
Dark Mode
Quiz Categories
Sports
Geography
Music
Movies
Television
Just For Fun
Miscellaneous
History
Literature
Language
Science
Gaming
Entertainment
Religion
Holiday
For Kids
Quiz Lab
Recent
Popular Today
Quiz Kudos Today
Editor Picks
Curator Picks
Quizzes by...
Day
Popularity
Type
Ratings
Length
Year
Community
Subscriptions
Recent Discussions
Orange Saloon
Badges
Playlists
Quests
Create
Leaderboards
Showdown
Live 5
Trivia Bingo
Activity
Puzzle Library
Sporcle Events
Private Events
Virtual Trivia
Globe League
Become a Host
Pub Owners
SporcleCon
Opinionation
Our Games
Videos
Blog
Mobile Apps
Partnerships
Remove Ads and Go Orange
Feedback
Sports
Athletes
MLB
NBA
NHL
NFL
Soccer
Sports Teams
WWE
NCAA
Football
Premier League
Basketball
Baseball
Hockey
Golf
Tennis
Cricket
Rugby
Auto Racing
Olympics
World Cup
Sports
Athletes
MLB
NBA
NHL
NFL
Soccer
Sports Teams
WWE
NCAA
Football
Premier League
Basketball
Baseball
Hockey
Golf
Tennis
Cricket
Rugby
Auto Racing
Olympics
World Cup
Random Quiz
Search Sporcle
×
Quiz Lab
Quiz Lab
Sports
national
Type in answers that appear in a list
Type in answers that appear in a list
Classic
Best Score? Go Orange.
NL Rookie of the Year voting, 1980-2012 Stats
Can you name the players who have received votes for the National League Rookie of the Year award since 1978?
By
moose2438
20m
291 Questions
156 Plays
156 Plays
156 Plays
Comments
Comments
Give Quiz Kudos
Give Quiz Kudos
-
- Ratings
hide this ad
More Info
Replay
Link that replays current quiz
Next Quiz
Link to next quiz in quiz playlist
You Got
0%
They Got
Avg Score
40%
Avg Friend Score
Upgrade to see
Score Distribution
Jump to the score distribution portion of the page
Score
0/291
Timer
20:00
0
Plays Today
Year
Player
% Correct
1991
Jeff Bagwell
96.2%
1978
Ozzie Smith
94.9%
1980
Lonnie Smith
94.9%
1980
Dave Smith
94.9%
1989
Dwight Smith
94.9%
1994
Bobby J. Jones
94.9%
1995
Chipper Jones
94.9%
1997
Andruw Jones
94.9%
2000
Chuck Smith
94.9%
2001
Bud Smith
94.9%
2009
Garrett Jones
94.9%
1983
Darryl Strawberry
92.9%
1984
Dwight Gooden
92.9%
1981
Fernando Valenzuela
91%
1986
Barry Bonds
89.7%
1990
Larry Walker
88.5%
2010
Neil Walker
88.5%
1982
Chili Davis
87.8%
1985
Glenn Davis
87.8%
2007
Ryan Braun
87.8%
2010
Ike Davis
87.8%
1993
Mike Piazza
87.2%
2010
Buster Posey
86.5%
1992
Brian Williams
85.9%
1995
Charles Johnson
85.9%
2005
Ryan Howard
85.9%
2006
Josh Johnson
85.9%
2001
Jimmy Rollins
85.3%
2001
Albert Pujols
84.6%
2012
Bryce Harper
84.6%
1998
Todd Helton
81.4%
2006
Hanley Ramirez
81.4%
2007
Troy Tulowitzki
81.4%
1981
Juan Bonilla
80.8%
1988
Chris Sabo
80.1%
1990
David Justice
80.1%
1981
Tim Raines
79.5%
1981
Mookie Wilson
79.5%
1985
Vince Coleman
79.5%
1998
Kerry Wood
79.5%
1999
Presto Wilson
79.5%
1986
Will Clark
78.8%
1997
Vladimir Guerrero
78.8%
1992
Eric Karros
78.2%
1997
Geremi Gonzalez
78.2%
1985
Chris Brown
77.6%
1998
Travis Lee
77.6%
1995
Hideo Nomo
76.9%
2008
Geovany Soto
75.6%
1986
Barry Larkin
75%
1997
Livan Hernandez
75%
2006
Ryan Zimmerman
75%
2010
Jason Heyward
75%
1980
Bob Walk
74.4%
1982
Willie McGee
73.7%
1982
Ryne Sandberg
73.1%
1984
Carmelo Martinez
73.1%
1987
Benito Santiago
73.1%
1993
Pedro Martinez
73.1%
1982
Steve Sax
72.4%
1994
Raul Mondesi
72.4%
1987
Gerald Young
71.2%
2007
Chris B. Young
71.2%
2003
Dontrelle Willis
70.5%
2000
Lance Berkman
69.9%
2006
Prince Fielder
69.9%
1991
Mike Stanton
69.2%
1993
Al Martin
68.6%
2006
Russell Martin
68.6%
2008
Joey Votto
67.9%
1992
Moises Alou
67.3%
2011
Craig Kimbrel
66.7%
1978
Bob Horner
66%
1986
Kevin Mitchell
66%
2004
Jason Bay
66%
1997
Scott Rolen
65.4%
1979
Scot Thompson
64.7%
1986
Robby Thompson
64.7%
1989
Jerome Walton
64.7%
1992
Mike Perez
64.7%
1995
Carlos Perez
64.7%
1997
Neifi Perez
64.7%
1981
Tony Pena
64.1%
2000
Rafael Furcal
64.1%
1988
Ron Gant
62.8%
1996
Todd Hollandsworth
62.8%
2003
Miguel Cabrera
62.2%
2004
Matt Holliday
62.2%
2009
Everth Cabrera
62.2%
1992
Reggie Sanders
60.9%
2011
Freddie Freeman
60.9%
1980
Al Holland
60.3%
1990
Marquis Grissom
59.6%
2001
Roy Oswalt
59.6%
1980
Steve Howe
59%
1986
Todd Worrell
59%
1994
Javy Lopez
59%
Year
Player
% Correct
2002
Mark Prior
59%
1984
Juan Samuel
58.3%
1990
Delino DeShields
58.3%
1988
Mark Grace
57.7%
2006
Dan Uggla
57.1%
1984
Terry Pendleton
55.8%
2008
Jay Bruce
55.8%
2009
Andrew McCutchen
55.1%
2003
Jose Reyes
54.5%
1990
Hal Morris
53.8%
1997
Matt Morris
53.8%
1999
Warren Morris
53.8%
2001
Adam Dunn
53.8%
1987
Randy Myers
53.2%
2002
Alex Sanchez
53.2%
2006
Anibal Sanchez
53.2%
2010
Gaby Sanchez
53.2%
1994
Ryan Klesko
50.6%
1994
Shane Reynolds
50.6%
2009
Chris Coghlan
49.4%
1979
Rick Sutcliffe
48.7%
1988
Gregg Jefferies
48.7%
1989
Gregg Jefferies
48.7%
1991
Ray Lankford
48.7%
2004
Khalil Greene
48.1%
1983
Mel Hall
46.2%
2000
Pat Burrell
46.2%
1982
Johnny Ray
45.5%
1985
Tom Browning
45.5%
1996
Edgar Renteria
44.9%
1996
Jason Kendall
44.2%
1993
Carlos Garcia
43.6%
2000
Juan Pierre
43.6%
2010
Jaime Garcia
43.6%
1984
Ron Darling
42.9%
1988
Roberto Alomar
42.9%
1993
Jeff Conine
42.9%
2005
Rickie Weeks
42.9%
1999
Scott Williamson
42.3%
2002
Jason Jennings
41.7%
1983
Bill Doran
41%
1988
Ricky Jordan
41%
2007
Hunter Pence
41%
2012
Matt Carpenter
41%
2003
Brandon Webb
39.1%
1994
Cliff Floyd
38.5%
1981
Hubie Brooks
37.8%
1986
John Kruk
37.8%
2010
Starlin Castro
36.5%
1978
Don Robinson
35.9%
1994
Joey Hamilton
35.3%
2006
Matt Cain
35.3%
1980
Leon Durham
34%
2009
Tommy Hanson
34%
2012
Todd Frazier
34%
2003
Brad Lidge
33.3%
2012
Wade Miley
33.3%
1983
Greg Brock
32.7%
1989
Greg W. Harris
32.7%
1989
Andy Benes
31.4%
1989
Charlie Hayes
31.4%
1996
Alan Benes
31.4%
2008
Jair Jurrjens
31.4%
1982
Eric Show
30.8%
2005
Jeff Francoeur
30.8%
2005
Garrett Atkins
29.5%
1980
Bill Gullickson
28.8%
1980
Ron Oester
28.8%
2006
Andre Ethier
28.8%
2005
Jeff Francis
28.2%
1985
Mariano Duncan
27.6%
1979
Jeffrey Leonard
26.9%
1982
Steve Bedrosian
26.9%
1993
Wil Cordero
26.9%
1991
Orlando Merced
26.3%
2000
Rick Ankiel
26.3%
2009
Randy Wells
26.3%
2002
Austin Kearns
25.6%
2008
Edinson Volquez
25.6%
1992
Mark Wohlers
25%
1988
Tim Belcher
24.4%
2002
Brad Wilkerson
23.7%
2008
Kosuke Fukudome
23.7%
2009
J.A. Happ
23.1%
2011
Danny Espinosa
23.1%
1985
Roger McDowell
22.4%
1991
Brian R. Hunter
22.4%
1995
Brian L. Hunter
22.4%
1996
Rey Ordonez
22.4%
1987
Joe Magrane
21.8%
2007
James Loney
21.2%
1992
Tim Wakefield
20.5%
2011
Vance Worley
20.5%
2012
Wilin Rosario
20.5%
1986
Charlie Kerfeld
19.9%
1992
Ben Rivera
19.9%
1997
Tony Womack
19.9%
Year
Player
% Correct
2005
Willy Taveras
19.9%
1993
Chuck Carr
19.2%
1996
Jermaine Dye
19.2%
2003
Jeriome Robertson
19.2%
1980
Jeff Reardon
18.6%
1986
Jim Deshaies
18.6%
2005
Zach Duke
18.6%
2009
Dexter Fowler
18.6%
1999
Kris Benson
17.3%
2006
Josh Willingham
17.3%
2010
Jonny Venters
17.3%
1988
Damon Berryhill
16.7%
1990
John Burkett
16.7%
1995
Jason Isringhausen
16.7%
1997
Jose Guillen
16.7%
2004
Kaz Matsui
16%
2007
Yunel Escobar
16%
1994
Steve Trachsel
15.4%
2005
Clint Barmes
14.7%
1983
Gary Redus
14.1%
1984
Jeff Stone
14.1%
1987
Mike Dunne
14.1%
1987
Chris James
14.1%
2003
Marlon Byrd
14.1%
2006
Scott Olsen
14.1%
1983
Craig McMurtry
13.5%
2012
Norichika Aoki
12.8%
1995
Quilvio Veras
12.2%
2007
Kyle Kendrick
11.5%
2009
Colby Rasmus
11.5%
1982
Luis DeLeon
10.9%
1983
Jose DeLeon
10.9%
2000
Jay Payton
10.9%
2009
Casey McGehee
10.9%
1993
Kevin Stocker
10.3%
2003
Scott Podsednik
10.3%
2012
Yonder Alonso
10.3%
2011
Darwin Barney
9.6%
1984
Dan Gladden
9%
2009
Gerardo Parra
9%
1981
Bruce Berenyi
8.3%
1986
Bruce Ruffin
8.3%
1987
Casey Candaele
8.3%
1993
Greg McMichael
8.3%
1993
Kirk Rueter
8.3%
1995
Ismael Valdez
8.3%
2006
Takashi Saito
8.3%
2011
Wilson Ramos
8.3%
2003
Ty Wigginton
7.7%
1987
Greg Mathews
7.1%
1995
John Mabry
7.1%
1998
Kerry Ligtenberg
7.1%
2010
Jose Tabata
6.4%
1983
Mark Thurmond
5.8%
1982
Dave LaPoint
5.1%
1991
Bret Barberie
5.1%
2002
Josh Fogg
5.1%
2012
Jordan Pacheco
5.1%
1985
Joe Orsulak
4.5%
1990
Mike Harkey
4.5%
1991
Wes Chamberlain
4.5%
1993
Steve Cooke
4.5%
1999
Joe McEwing
3.8%
2004
Aaron Miles
3.8%
1994
John Hudek
3.2%
2002
Kazuhisa Ishii
3.2%
2004
Terrmel Sledge
3.2%
1983
Lee Tunnell
2.6%
1992
Donovan Osborne
2.6%
1996
F.P. Santangelo
2.6%
1998
Brad Fullmer
2.6%
2011
Josh Collmenter
2.6%
1983
Frank DiPino
1.9%
1993
Ricky Gutierrez
1.9%
1993
Armando Reynoso
1.9%
1997
Rich Loiselle
1.9%
1997
Kevin Orie
1.9%
2002
Damian Moss
1.9%
1994
William Van Landingham
1.3%
1995
Chad Fonville
1.3%
2000
Mitch Meluskey
1.3%
2002
Denny Stark
1.3%
2011
Kenley Jansen
1.3%
1985
Joe Hesketh
0.6%
1987
Les Lancaster
0.6%
1989
Derek Lilliquist
0.6%
1991
Chuck McElroy
0.6%
1997
Brett Tomko
0.6%
2002
Ryan Jensen
0.6%
2002
Jason Simontacchi
0.6%
2004
Akinori Otsuka
0.6%
1984
Orel Hersiser
0%
1990
Todd Zele
0%
1992
Frank Seminara
0%
1994
Hector Carrasco
0%
1999
Kevin McGlinchy
0%
2005
Jason Vargas
0%
Quiz Playlist
Details
Report
Send in Message
Add To Playlist
More Info:
MIA = Florida.
Classic:
Type in answers that appear in a list
Quiz Source
Last Updated: Feb 16, 2017
Quiz Scoreboard
CHALLENGE
Sign Up to Join the Scoreboard
Show All
Scores
Hide
Comments
May contain spoilers
Recently Published
One Thing in Common: World Cities II
by knightlancer
Geography
7m
Popular People in 1961
by mucciniale
History
6m
1-10 Letter E Words III
by El_Dandy
Language
2m
More to Explore
Quiz From the Vault
Featured Blog Post
Where Did the Easter Bunny Come From?
hide this ad
You Might Also Like...
Tags
1978
Award
League
national
National League
Player
Received
rookie
team
Vote
Voting
Today's Top Quizzes in Sports
Browse Sports
hide this ad
Today's Top Quizzes in national
Browse national
Top Contributed Quizzes in Sports
1
Les meilleurs buteurs des matchs entre le PSG et l’OM
2
Les entraîneurs de l'OM et du PSG au 21e siècle
3
2022 World Cup Stars
4
FIFA Club World Cup Champions
5
Name the Premier League winners with different clubs
6
La finale Lions - Afrique du Sud 2021
7
Criteria MLB: Left Handed Sluggers
8
Players with Multiple 50 Home Run Seasons
9
MLB Players with Two .350 Batting Average Seasons
10
MLB Hall of Famer by Rings
Explore More
Trending Topics
Kpop
Marvel
Crossword
Anime
NBA
Harry Potter
Disney
Country
Pokémon
NFL
Song
The Office
Soccer
Puzzle
WWE
hide this ad
More By:
moose2438
Quiz
Plays
Rating
Category
Featured
Created
MLB team hits leaders since 1990
3,154
4.15
Sports
Feb 6, 2012
Pirate Hit Leaders
2,816
5.00
Sports
Feb 8, 2010
MLB players who hit home runs in 1998
2,802
3.87
Sports
Mar 2, 2012
Toronto Blue Jays common batting orders, 2000-2019
2,633
4.60
Sports
Dec 15, 2011
MLB players who hit home runs in 2001
2,193
4.42
Sports
Feb 13, 2012
Go to Creator's Profile
Score Distribution
Quiz Creator Spotlight
moose2438
Follow
Send a Message
Quizzes Created
-
Created Quiz Play Count
-
More By This Creator
Popular Quizzes Today
1
Find the US States - No Outlines Minefield
2
The Countries of the World
3
Find the Countries of Europe - No Outlines Minefield
4
Popular People in 1961
5
1-10 Letter E Words III
6
Find the US States
7
One Thing in Common: World Cities II
8
US States
More Sports Quizzes
NBA Logos by Pencil Sketch
Curator's Pick
Trending Quizzes
Risky Map Clicking: Least Populous States A-Z
1-10 Letter F Words
1-10 Letter G Words
One Thing in Common: United Kingdom
Risky Map Clicking: Next State Alphabetically
Recently Updated
Leaping Animals
pecheneg
Reality TV Shows (A-Z)
bhenderson79
Rickey Henderson's Hall of Fame Teammates
pecheneg
Champions League XIs: Arsenal
pecheneg
Quick Pick: Celebrities in WWE's Hall of Fame
aduchscher
A-Z Keypad Blitz II
pecheneg
Multiple Oscar Actors
pecheneg
Mystery Phrase Blitz: Oscar 'Best Actors'
pecheneg
F. Scott Fitzgerald Novels
LTH
Pick 3 Villains
ddd62291
Trending Topics
Anime
Marvel
Harry Potter
Disney
Kpop
Crossword
NBA
Puzzle
NFL
Country
Soccer
The Office
WWE
Pokémon
Song
Your Account Isn't Verified!
In order to create a playlist on Sporcle, you need to verify the email address you used during registration. Go to your
Sporcle Settings
to finish the process.
Report this User
Report this user for behavior that violates our
Community Guidelines
.
Details:
Send Report
Go to the Sporcle.com Mobile Site →
Comments